La quinta montaña / (Registro nro. 2413)

Detalles MARC
000 -LEADER
fixed length control field 00992nam a2200205 a 4500
008 - CAMPO DE CONTROL (LIBRO)
fixed length control field 161215t2003 ag |||g |||| 00| 1 spa d
020 ## - INTERNATIONAL STANDARD BOOK NUMBER
ISBN 9504909760
041 ## - CODIGO DE IDIOMA
Código de idioma del texto/pista de sonido o título separado spa
092 ## - SIGNATURA TOPOGRAFICA DEWEY LOCAL
número de clasificación 808.8
libristica 13
sección COE
100 1# - ENTRADA PRINCIPAL--NOMBRE PERSONAL
Nombre personal Coelho, Paulo
9 (RLIN) 2923
245 #3 - TITULO PROPIAMENTE DICHO
Título La quinta montaña /
Mención de responsabilidad y remanente de la transcripción de la portada Paulo Coelho
250 ## - MENCION DE EDICION
Mención de edición 2a ed.
Mención de responsabilidad relacionada con la ed. Traducción Monserrat Mira
260 ## - PIE DE IMPRENTA
Lugar de publicación, distribución, etc Buenos Aires:
Nombre de la editorial, distribuidor, etc Planeta;
Fecha de publicación 2003.
300 ## - DESCRIPCION FISICA
Extension 256 p.
500 ## - NOTA GENERAL
Nota general Cohelo, P. (2003). La quinta montaña. (2a ed.). Buenos Aires : Planeta.
505 ## - NOTA DE CONTENIDO
Nota de contenido formateada En un mundo regido por supersticiones, conflictos religiosos y tradiciones profundamente arraigadas, el joven profeta Elías deberá enfrentarse a una avalancha de acontecimientos que le conducirán a un definitivo cara a cara con Dios. Paulo Coelho, el escritor brasileño más vendido de nuestros días, nos sorprende con una novela tan fascinante como inolvidable.
590 ## - NOTAS LOCALES (RLIN)
Nota local Proyecto 4to libro. Donación Constanzo, Juan Carlos
655 ## - MATERIA - GENERO/FORMA
Género/Forma Narrativa
-- 2924
942 ## - ADDED ENTRY ELEMENTS (KOHA)
Source of classification or shelving scheme Dewey Decimal Classification
Item type LITERATURA
Existencias
Estado de retiro Existencia Fuente de clasificación Estado general No para prestamo Ubicación permanente ubicación actual Sala de ubicación Fecha de adquisición Fuente de adquisición Total Checkouts Total Renewals Número de clasificación Código de barras Date last seen Date last borrowed Número de ejemplar Price effective from Koha tipo de elemento (item) Public note
    Dewey Decimal Classification     Biblioteca Medicina Biblioteca Medicina Circulación 29/05/2017 Donación Constanzo, Juan Carlos. Mayo 2017 9 1 808.8 13 COE 3867 11/04/2024 20/03/2024 Ej.1 29/05/2017 LITERATURA Proyecto 4to Libro. Donación Constanzo, Juan Carlos. Mayo 2017

UNIVERSIDAD NACIONAL DEL COMAHUE
Biblioteca de la Facultad de Ciencias Médicas
Sede Toschi: Los Arrayanes y Av. Toschi, Cipolletti  - Rio Negro
Sede Los Tordos:  Yrigoyen al 2211, Cipolletti - Rio Negro 

Teléfono: 0299 - 4774707 int 25
Contacto: biblioteca@facimed.uncoma.edu.ar
© 2011 - 2026